Sự phân bố và giá trị rừng ngập mặn Nam Bộ Luận văn tốt nghiệp Đại học Sư phạm ngành Địa Khóa 19

Сохранить в:
Библиографические подробности
Главный автор: Nguyễn Thành Luân
Формат:
Язык:Undetermined
Опубликовано: Cần Thơ Trường Đại Học Cần Thơ, Khoa Sư phạm, Bộ môn Địa 1997
Предметы:
Метки: Добавить метку
Нет меток, Требуется 1-ая метка записи!
Thư viện lưu trữ: Trung tâm Học liệu Trường Đại học Cần Thơ
LEADER 00731nam a2200193Ia 4500
001 CTU_18949
008 210402s9999 xx 000 0 und d
082 |a 333.7 
082 |b L502/1997 
100 |a Nguyễn Thành Luân 
245 0 |a Sự phân bố và giá trị rừng ngập mặn Nam Bộ 
245 0 |b Luận văn tốt nghiệp Đại học Sư phạm ngành Địa Khóa 19 
245 0 |c Nguyễn Thành Luân 
260 |a Cần Thơ 
260 |b Trường Đại Học Cần Thơ, Khoa Sư phạm, Bộ môn Địa 
260 |c 1997 
650 |a natural resources 
904 |i Huỳnh Thị Trang, 971003 
980 |a Trung tâm Học liệu Trường Đại học Cần Thơ